IL COOPERATORA PAOLINO. GENNAIO 1997. RIVISTA FAMIGLIA PAOLINA. BETLEMME FAMIGLIA PAOLINA. (Record n. 332663)

Dettagli MARC
000 -LEADER
fixed length control field 01819nas a2200277Ia 4500
001 - CONTROL NUMBER
control field R052-S4163
003 - CONTROL NUMBER IDENTIFIER
control field IT-CnALBA
008 - FIXED-LENGTH DATA ELEMENTS--GENERAL INFORMATION
fixed length control field 170116c99999999xx |||||||||||| ||und||
040 ## - CATALOGING SOURCE
Original cataloging agency IT-CnALBA
Transcribing agency IT-CnALBA
041 ## - LANGUAGE CODE
Language code of text/sound track or separate title ITALIANO
999 ## - SYSTEM CONTROL NUMBERS (KOHA)
Koha Dewey Subclass [OBSOLETE] NO
100 ## - MAIN ENTRY--PERSONAL NAME
Personal name CASCASI DOMENICO
210 ## - ABBREVIATED TITLE
Abbreviated title IL COOPERATORA PAOLINO
222 ## - KEY TITLE
Key title IL COOPERATORA PAOLINO
245 #0 - TITLE STATEMENT
Title IL COOPERATORA PAOLINO. GENNAIO 1997. RIVISTA FAMIGLIA PAOLINA. BETLEMME FAMIGLIA PAOLINA.
250 ## - EDITION STATEMENT
Edition statement 1a ed.
260 ## - PUBLICATION, DISTRIBUTION, ETC. (IMPRINT)
Place of publication, distribution, etc. ROMA
Name of publisher, distributor, etc. CASE GENERALIZIE ED.
Date of publication, distribution, etc. 1997 [1° Ed.:1997 - Ed.Ling.Originale: 1997]
300 ## - PHYSICAL DESCRIPTION
Extent 32 p.
310 ## - CURRENT PUBLICATION FREQUENCY
Current publication frequency MENSILE
362 ## - DATES OF PUBLICATION AND/OR SEQUENTIAL DESIGNATION
Dates of publication and/or sequential designation Fascicolo: 1 / Anno: 79 (1997)
500 ## - GENERAL NOTE
General note LAVORI DIREZIONE NAZIONALE. REDAZIONE COME PREDICAZIONE. IL GOVERNO CINESE E IL METODO BILLINGS. MONTONATI A. ECLISSI PARZIALE, IMMEDIATA B. ESDRA E NEEMIA. GIRONI P. LA FAME NEL MONDO. PAPPALARDO A. PASTORELLE IN BRASILE 1946 1997. UNITÀ DEI CRISTIANI. GAMBI V. LA NOTTE E LA NOSTRA IDENTITÀ. VITA GRUPPI, LECCE MANTOVA BELLUNO CATANZARO. CONOSCENZA DI GESÙ' CRISTO VERBO MAESTRO PASTORE. DON ALBERIONE E GLI ANNI GIUBILARI. ROMANO C. PANORAMA PAOLINO. I NOSTRI DEFUNTI.
501 ## - WITH NOTE
With note Società San Paolo EM - Piazza San Paolo, 14 - 12051 ALBA (CN) (non commercial uses only) ® Copyright 2017
520 ## - SUMMARY, ETC.
Summary, etc. LAVORI DIREZIONE NAZIONALE. REDAZIONE COME PREDICAZIONE. IL GOVERNO CINESE E IL METODO BILLINGS. MONTONATI A. ECLISSI PARZIALE, IMMEDIATA B. ESDRA E NEEMIA. GIRONI P. LA FAME NEL MONDO. PAPPALARDO A. PASTORELLE IN BRASILE 1946 1997. UNITÀ DEI CRISTIANI. GAMBI V. LA NOTTE E LA NOSTRA IDENTITÀ. VITA GRUPPI, LECCE MANTOVA BELLUNO CATANZARO. CONOSCENZA DI GESÙ' CRISTO VERBO MAESTRO PASTORE. DON ALBERIONE E GLI ANNI GIUBILARI. ROMANO C. PANORAMA PAOLINO. I NOSTRI DEFUNTI.
650 ## - SUBJECT ADDED ENTRY--TOPICAL TERM
Topical term or geographic name as entry element RIVISTE VARIE
942 ## - ADDED ENTRY ELEMENTS (KOHA)
Koha item type RIVISTA
957 ## -
-- 1
999 ## - SYSTEM CONTROL NUMBERS (KOHA)
-- 1
Dati di copia
Withdrawn status Lost status Damaged status Not for loan Home library Current library Date acquired Total Checkouts Full call number Date last seen Price effective from Koha item type Public note
    Buone Condizioni Not For Loan ALBA - Biblioteca ALBA - Biblioteca 16/01/2017   R052-S4163 16/01/2017 16/01/2017 RIVISTA (data import: 16 gennaio 2017) - By Epidotti, Vaglietti.
CREDITS: SOCIETA' SAN PAOLO Via A.Severo, 58 - ROMA (RM) & PERIODICI SAN PAOLO SRL Via Giotto, 36 MILANO & CISF Via Giotto, 36 MILANO & EDIZIONI SAN PAOLO SRL,  Piazza Soncino, 5 CINISELLO BALSAMO (MI) -- ITALY